Подробности
| 000 -МАРКЕР |
| контрольное поле |
02508nam0a2200433 4500 |
| 001 - ИДЕНТИФИКАТОР ЗАПИСИ |
| контрольное поле |
RU\NLR\BIBL_A\022186083 |
| 005 - ИДЕНТИФИКАТОР ВЕРСИИ |
| контрольное поле |
20240415161223.0 |
| 010 ## - МЕЖДУНАРОДНЫЙ СТАНДАРТНЫЙ НОМЕР КНИГИ (ISBN) |
| Номер (ISBN) |
978-5-00177-879-0 |
| Тираж |
500 |
| 021 ## - НОМЕР ГОСУДАРСТВЕННОЙ РЕГИСТРАЦИИ |
| Код страны |
Российская Федерация |
| Номер |
КН-П-24-010953 |
| Номер Листа государственной регистраци |
КН-П-24-1129 |
| 035 ## - ДРУГИЕ СИСТЕМНЫЕ НОМЕРА |
| Идентификатор записи |
(NLR Aleph) 022186083 |
| 100 ## - ДАННЫЕ ОБЩЕЙ ОБРАБОТКИ |
| Данные общей обработки |
20240402d2023 k y0rusy50 ca |
| 101 0# - ЯЗЫК РЕСУРСА |
| Язык текста, звукозаписи и т.д. |
русский |
| -- |
дигорский, осетинский |
| 102 ## - СТРАНА ПУБЛИКАЦИИ ИЛИ ПРОИЗВОДСТВА |
| Страна публикации |
Российская Федерация |
| 105 ## - ПОЛЕ КОДИРОВАННЫХ ДАННЫХ: ТЕКСТОВЫЕ МАТЕРИАЛЫ, МОНОГРАФИЧЕСКИЕ |
| Кодированные данные о монографическом текстовом документе |
y e 000yy |
| 181 #0 - ПОЛЕ КОДИРОВАННЫХ ДАННЫХ: ВИД СОДЕРЖАНИЯ |
| Код вида содержания (ISBD) |
i |
| Код характеристики содержания (ISBD) |
axxe |
| 182 #0 - ПОЛЕ КОДИРОВАННЫХ ДАННЫХ: ТИП СРЕДСТВА |
| Код типа средства (ISBD) |
n - непосредственное |
| 200 1# - ЗАГЛАВИЕ И СВЕДЕНИЯ ОБ ОТВЕТСТВЕННОСТИ |
| Основное заглавие |
Осетинско-русский словарь деловой лексики |
| Параллельное заглавие |
Хъуыддаджы лексикæйы ирон-уырыссаг дзырдуат |
| Первые сведения об ответственности |
Л. Б. Гацалова, Л. К. Парсиева |
| Последующие сведения об ответственности |
Министерство науки и высшего образования Российской Федерации, Федеральное государственное бюджетное образовательное учреждение высшего образования "Северо-Осетинский государственный университет имени Коста Левановича Хетагурова" |
| Язык параллельного заглавия |
дигорский, осетинский |
| 203 ## - ВИД СОДЕРЖАНИЯ И ТИП СРЕДСТВА |
| Вид содержания |
Текст |
| Дополнительные сведения об издании |
визуальный |
| Тип средства |
непосредственный |
| 210 ## - ПУБЛИКАЦИЯ, РАСПРОСТРАНЕНИЕ И ДР. |
| Место издания, распространения и т.д. |
Уфа |
| Имя издателя, распространителя и т. д. |
Аэтерна |
| Дата издания, распространения и т.д. |
2023 |
| 215 ## - ФИЗИЧЕСКАЯ ХАРАКТЕРИСТИКА |
| Специфическое обозначение материала и объем |
99 с. |
| Размеры |
20 |
| 300 ## - ОБЩИЕ ПРИМЕЧАНИЯ |
| Текст примечания |
На обл. авт.: Л. К. Парсиева, Л. Б. Гацалова |
| 320 ## - ПРИМЕЧАНИЯ О НАЛИЧИИ В ДОКУМЕНТЕ БИБЛИОГРАФИИ / УКАЗАТЕЛЯ |
| Текст примечания |
Библиогр.: с. 99 (18 назв.) |
| 510 1# - ПАРАЛЛЕЛЬНОЕ ЗАГЛАВИЕ |
| Связь между полями |
z37790 |
| Параллельное заглавие |
Хъуыддаджы лексикæйы ирон-уырыссаг дзырдуат |
| Язык заглавия |
дигорский, осетинский |
| 606 1# - НАИМЕНОВАНИЕ ТЕМЫ КАК ПРЕДМЕТ |
| Наименование темы |
Осетинский язык |
| Тематический подзаголовок |
Терминология административная |
| -- |
Словари |
| -- |
Русский язык |
| Код системы |
nlr_sh2 |
| Идентификатор авторитетной/нормативной записи |
RU\NLR\AUTH\6601738761 |
| 606 1# - НАИМЕНОВАНИЕ ТЕМЫ КАК ПРЕДМЕТ |
| Наименование темы |
Управление |
| Тематический подзаголовок |
Документация |
| Формальный подзаголовок |
Терминологические словари |
| Код системы |
nlr_sh1 |
| -- |
nlr_sh2 |
| Идентификатор авторитетной/нормативной записи |
RU\NLR\AUTH\661134761 |
| 686 1# - ИНДЕКСЫ ДРУГИХ КЛАССИФИКАЦИЙ |
| Индекс |
Ш152.132.3-434.1 |
| 686 1# - ИНДЕКСЫ ДРУГИХ КЛАССИФИКАЦИЙ |
| Индекс |
Ш141.12-434.2 |
| 686 1# - ИНДЕКСЫ ДРУГИХ КЛАССИФИКАЦИЙ |
| Индекс |
У21(0)286я212 |
| 700 #1 - ИМЯ ЛИЦА - ПЕРВИЧНАЯ ОТВЕТСТВЕННОСТЬ |
| Начальный элемент ввода |
Гацалова |
| Часть имени, кроме начального элемента ввода |
Л. Б. |
| Расширение инициалов личного имени |
Лариса Борисовна |
| 701 #1 - ИМЯ ЛИЦА - АЛЬТЕРНАТИВНАЯ ОТВЕТСТВЕННОСТЬ |
| Начальный элемент ввода |
Парсиева |
| Часть имени, кроме начального элемента ввода |
Л. К. |
| Даты |
1972- |
| Расширение инициалов личного имени |
Лариса Касбулатовна |
| Идентификатор авторитетной/нормативной записи |
RU\NLR\AUTH\7748340 |
| 790 #1 - ИМЯ ЛИЦА - АЛЬТЕРНАТИВНАЯ ФОРМА |
| Связь между полями |
z37 |
| Начальный элемент ввода |
Gacalova |
| Часть имени, кроме начального элемента ввода |
L. B. |
| Расширение инициалов личного имени |
Larisa Borisovna |
| 790 #1 - ИМЯ ЛИЦА - АЛЬТЕРНАТИВНАЯ ФОРМА |
| Связь между полями |
z37 |
| -- |
z37510 |
| Начальный элемент ввода |
Parsieva |
| Часть имени, кроме начального элемента ввода |
L. K. |
| Даты |
1972- |
| Расширение инициалов личного имени |
Larisa Kasbulatovna |
| 852 ## - МЕСТОНАХОЖДЕНИЕ И ШИФР ХРАНЕНИЯ |
| Идентификатор организации |
NLR |
| Наименование фонда или коллекции (Sub-Location Identifier) |
ОНЛ |
| Шифр хранения (Call Number) |
Осет./3-2627 |
| 942 ## - ДОПОЛНИТЕЛЬНЫЕ ЭЛЕМЕНТЫ ЗАПИСИ (АБИС) |
| Тип экземпляра АБИС |
Книга |
| 980 ## - КОЛЛЕКЦИЯ |
| Название коллекции |
Национальная библиография |